| 000 | 01033cam a22003137a 4500 | ||
|---|---|---|---|
| 003 | CHAP | ||
| 005 | 20220329134720.0 | ||
| 008 | 971013s1978 r 00010 d | ||
| 010 | _a24684 | ||
| 011 | _a25656 | ||
| 035 | _a29756 | ||
| 040 | _cCHAP | ||
| 082 |
_a638.089607561 _bB7 |
||
| 110 |
_aBritish Society of Animal Production. Reading _915430 |
||
| 245 | 1 | 4 | _aThe use of blood metabolites in animal production |
| 260 |
_aBletchley : _bBritish, _c1978 |
||
| 300 |
_a166 p. _b; gráfs. |
||
| 490 | 0 |
_aOccasional publication _v; 1 |
|
| 590 |
_aBATCH-UPD _b10 _c20130110 _lUCH01 _h2007 |
||
| 590 |
_aBATCH-UPD _b10 _c20130410 _lUCH01 _h1327 |
||
| 590 |
_aBATCH-UPD _b10 _c20130914 _lUCH01 _h1605 |
||
| 590 |
_aCONVERSION _b10 _c20130109 _lUCH01 _h1314 |
||
| 650 | 1 | 4 |
_aHematología animal. _953496 |
| 650 | 1 | 4 |
_aMetabolismo en animales domésticos. _975151 |
| 830 | 0 |
_aOccasional publication _v; 1 _982632 |
|
| 901 | _aBK | ||
| 942 | _cLIBRO | ||
| 949 |
_a638.089607561 B7 _bBC _cLIBRO _d33724000094314 _eLIBRO _h52638 _i29756 _si _t392.00 |
||
| 999 |
_c24684 _d24684 |
||